[Event "Perenyi Memorial"]
[Site "Gyula"]
[Date "2000.02.02"]
[Round "11"]
[White "Volzhin, Alexander"]
[Black "Groszpeter, Attila"]
[Result "1-0"]
[WhiteElo "2548"]
[BlackElo "2470"]
[Annotator "Ftacnik,L"]
[PlyCount "75"]
[EventDate "2000.01.24"]
[EventType "tourn"]
[EventRounds "13"]
[EventCountry "HUN"]
[EventCategory "9"]
[SourceTitle "CBM 076"]
[Source "ChessBase"]
[SourceDate "2000.05.31"]
[SourceVersion "1"]
[SourceVersionDate "2000.05.31"]
[SourceQuality "1"]

1. d4 Nf6 2. c4 g6 3. Nc3 d5 4. Nf3 Bg7 5. Qb3 dxc4 6. Qxc4 O-O 7. e4 Na6 8.
Be2 c5 9. d5 e6 10. O-O exd5 11. exd5 Bf5 12. Be3 Qb6 13. b3 Rac8 14. Rad1 Rfe8
15. d6 {If white posesses a free passed pawn he may as well use it. The
problem is the great number of black pieces ready to stand in a way.} (15. h3
h6 16. Rd2 Red8 17. g4 Bd7 18. Ne5 Ne8 19. Qf4 Nd6 20. Nc4 Nxc4 21. Qxc4 Qa5
22. Rc1 Nb4 23. d6 Re8 24. a4 a6 25. Nd5 b5 26. axb5 axb5 27. Qf4 Nxd5 28. Rxd5
Qa2 {1/2-1/2 Kachiani Gersinska,K-Janjgava,L/Tbilisi/1991/ (33)}) 15... h6 16.
h3 (16. Qb5 Nb4 $13) 16... Rcd8 $6 (16... Red8 17. Bf4 $14) (16... Nd7 $5 17.
Na4 Qc6 18. Rd2 Re6 19. Rfd1 Be4 $13) 17. Na4 $1 Qc6 (17... Qb4 18. Nxc5 Qxc4
19. Bxc4 Nxc5 20. Bxc5 Ne4 21. Bxa7 $16) 18. Bxc5 (18. Nxc5 Nxc5 19. Bxc5 Rxe2
$2 (19... Ne4 20. Bxa7 (20. Bb4 Qb6) 20... Nc3 21. Be3 Re4 $13) 20. Nd4 $1 $18)
18... Nxc5 (18... Be6 19. Qb5 Nxc5 20. Nxc5 (20. Qxc6 bxc6 21. Nxc5 Bd5 $11)
20... Bd5 (20... Bd7 21. Nxd7 Rxd7 22. Rfe1 Ne4 23. Qxc6 bxc6 24. Ba6 Rxd6 25.
Rxd6 Nxd6 26. Rc1 $16) 21. Rxd5 Qxd5 22. Nxb7 Rb8 23. Qxd5 Nxd5 24. Ba6 Nb4 25.
d7 Nxa6 26. dxe8=Q+ Rxe8 27. Rd1 $16) 19. Nd4 $1 Qc8 (19... b5 20. Nxc6 bxc4
21. Nxc5 Rc8 22. Bf3 $18) 20. Nxc5 Rxd6 {[%mdl 32] The dangerous pawn is out,
but black has paid a prize in having to allow great activity for white pieces.}
(20... b6 21. Nxf5 Qxf5 22. Nb7 $16) 21. Bf3 (21. Nxf5 Rxd1 22. Nxh6+ Bxh6 23.
Bxd1 $16) 21... b6 (21... Be4 $5 22. Nxe4 Nxe4 23. Qxc8 Rxc8 24. Nb5 Rxd1 25.
Rxd1 $14) (21... Ne4 $6 22. Bxe4 Bxe4 23. Nb5 Rxd1 24. Rxd1 Re5 25. Rd7 $16)
22. Nb7 Rd7 (22... Qxc4 23. bxc4 Rd7 24. Nxf5 gxf5 25. Rxd7 Nxd7 26. Nd6 Re5
27. Rd1 $14) 23. Nxf5 gxf5 24. Rxd7 Nxd7 (24... Qxd7 $2 25. Bc6 $18) (24...
Qxc4 $1 25. bxc4 Nxd7 $14) 25. Qf4 $1 {The knight from b7 is prepared to do a
lot of harm to the compromised black position.} Qc2 (25... Nc5 26. Nd6 Qc7 27.
Qg3 Rd8 28. Nxf5 Qxg3 29. fxg3 $16) (25... Nf6 26. Nd6 Qb8 27. Qg3 Rd8 28. Rd1
$16) 26. Nd6 Be5 (26... Re5 27. Bh5 $1 $16) 27. Qxh6 Bxd6 (27... Re6 28. Qg5+
Rg6 29. Qxf5 $18) 28. Qxd6 Ne5 29. Bd5 $1 {The problems are not over yet since
black has obvious targets in weak kingside pawns.} Kg7 (29... f4 30. Qf6 Qd3
31. Qg5+ Kf8 32. Bb7 $16) 30. f4 Ng6 31. Bc4 Qc3 (31... Qxa2 32. Qd4+ Kg8 33.
Ra1 Qc2 34. Qf6 Nh8 35. Qg5+ Kh7 36. Rxa7 $18) 32. Qd7 Re1 (32... Re7 33. Qxf5
Qd2 34. Qd3 $18) 33. Qxf7+ Kh6 34. Qxf5 Qe3+ (34... Rxf1+ 35. Bxf1 Qe3+ 36. Kh2
Nxf4 37. Qf6+ Kh7 38. Qh4+ Kg6 39. Qg3+ $18) 35. Kh2 Rxf1 36. Qg5+ Kh7 37. Bxf1
Nxf4 38. Bc4 1-0

[Event "Groningen"]
[Site "Groningen"]
[Date "1990.??.??"]
[Round "?"]
[White "Piket, Jeroen"]
[Black "Gulko, Boris F"]
[Result "1-0"]
[WhiteElo "2495"]
[BlackElo "2600"]
[Annotator "Ftacnik,L"]
[PlyCount "67"]
[EventDate "1990.12.??"]
[EventType "tourn"]
[EventRounds "9"]
[EventCountry "NED"]
[EventCategory "13"]
[SourceTitle "CBM 021"]
[Source "ChessBase"]
[SourceDate "1991.04.01"]
[SourceVersion "1"]
[SourceVersionDate "1991.04.01"]
[SourceQuality "1"]

1. d4 Nf6 2. c4 g6 3. Nc3 d5 4. Nf3 Bg7 5. Qb3 dxc4 6. Qxc4 O-O 7. e4 Na6 8.
Be2 c5 9. d5 e6 10. O-O exd5 11. exd5 Re8 12. Rd1 Bf5 13. d6 $5 Ne4 {N} (13...
h6 {Kasparov}) 14. Nb5 Bd7 15. a4 Nb4 (15... Qb6 16. Be3) 16. Qb3 $1 (16. Nc7
Nxd6 17. Qxc5 Ne4) 16... Qb6 (16... Nxd6 17. Nxd6 Rxe2 18. Qxf7+) (16... Be6
17. Bc4 Bxc4 18. Qxc4 Re6 19. Nc7 Rxd6 20. Rxd6 Qxd6 21. Nxa8 Qd1+ 22. Qf1 $18)
17. Be3 (17. Nc7 Nxd6 18. Nxe8 Rxe8 19. Be3 Be6 20. Qa3 Nc2) 17... Bxb5 (17...
Be6 18. Bc4 Bxc4 19. Qxc4 Rad8 20. a5 Qa6 21. Bxc5 $16) 18. Bxb5 Nc6 (18...
Red8 19. d7 $22 a6 20. Qxb4 $1 $18) 19. d7 Red8 (19... Re7 20. Bxc6 $1 Qxb3 21.
d8=Q+ Rxd8 (21... Re8 22. Qd5 $18) 22. Rxd8+ Bf8 23. Bh6 $18) 20. Qc4 Nf6 21.
Bxc5 Qc7 22. Bxc6 (22. Qxf7+ $5 Kxf7 23. Ng5+ (23. Bc4+ $2 Nd5) 23... Kg8 24.
Bc4+ Kh8 25. Nf7+ Kg8 26. Nxd8+ Kh8 27. Nf7+ Kg8 28. Bd6 Qb6 29. a5 $1 Qxb2 30.
d8=Q+ $1 Nxd8 31. Nxd8+ $18) 22... bxc6 23. Bd6 Qxd7 (23... Qb7 24. Ne5 Nd5 25.
Nxc6 $18) 24. Ne5 Qb7 25. Nxc6 Re8 (25... Rdc8 26. Ne7+ Qxe7 27. Qxc8+ $18) 26.
Qb5 Qd7 (26... Qb6 27. Bc5 Qc7 28. Rac1) 27. Ba3 Qe6 28. h3 a6 29. Qb7 Bf8 30.
Bxf8 Kxf8 31. Ra3 $1 Rac8 32. Rc3 Ne4 $2 $138 33. Nd4 Nxc3 34. Nxe6+ {Ftacnik,L
} 1-0

[Event "St Petersburg"]
[Site "St Petersburg"]
[Date "1997.04.25"]
[Round "9"]
[White "Sosonko, Gennadi"]
[Black "Svidler, Peter"]
[Result "1/2-1/2"]
[WhiteElo "2515"]
[BlackElo "2640"]
[Annotator "Ftacnik,L"]
[PlyCount "76"]
[EventDate "1997.??.??"]
[EventType "tourn"]
[EventRounds "11"]
[EventCountry "RUS"]
[EventCategory "14"]
[SourceTitle "CBM 059"]
[Source "ChessBase"]
[SourceDate "1997.08.01"]
[SourceVersion "1"]
[SourceVersionDate "1997.08.01"]
[SourceQuality "1"]

1. d4 Nf6 2. c4 g6 3. Nc3 d5 4. Nf3 Bg7 5. Qb3 dxc4 6. Qxc4 O-O 7. e4 a6 8. Be2
b5 9. Qb3 c5 10. dxc5 Bb7 11. O-O Nxe4 12. Nxe4 Bxe4 13. Bg5 (13. Rd1 Qc7 14.
Ng5 (14. Be3 Nc6 15. a4 (15. Rd2 e6 16. Ng5 (16. a4 b4 $1) 16... Bd5 17. Qc2
Rad8 (17... Nb4 18. Qb1 Rad8 19. a3 Nc6 20. Qc2) 18. Bf3 Nb4 19. Qd1 Bxf3 20.
Qxf3 Nd5 21. Rad1 (21. Rc2 h6 22. Ne4 f5 $17) 21... Nxe3 22. Qxe3 Bxb2 $1 23.
Qh3 h5 24. Nxe6 Rxd2 $1 25. Rxd2 Qe5 {0-1 Tisdall,J-Kortschnoj,V/San Francisco
(08)/1995/}) 15... Rab8 (15... Na5 16. Qb4 Bc2 17. axb5 axb5 18. Rf1 Nc6 19.
Qxb5 Rab8 20. Qc4 Rxb2 21. Ra3 $1 $11 {Farago,I-Mikhalchishin,A/
Portoroz-Rogaska Slatina/1993/}) (15... b4 16. Nd4 (16. Nd2 $5 Bf5 17. Nc4) (
16. Ng5 $5) 16... Be5 17. h3 e6 (17... a5 $5) 18. Nxc6 (18. Nxe6 fxe6 19. f4
Rae8 (19... Bd5 20. Rxd5 exd5 21. Qxd5+ $44) 20. fxe5 Qxe5 21. Bh6 Nd4 22. Rxd4
Qxd4+ 23. Qe3 Qxb2 {0-1 Farago,I-Horvath,J/Zalakaros op (08)/1994 (43)}) 18...
Qxc6 19. Bf1 (19. f3 $5) 19... Bd5 20. Qxb4 Rfb8 21. Qa5 Rxb2 22. Ra3 h5 {
/\ Kh7, Bb3-/+} (22... Bb3 $2 23. Rd8+ Rxd8 24. Qxd8+ Kg7 25. Bd4 $16) 23. Qe1
{/\ Bc1} Rb3 24. Rxb3 Bxb3 25. Rb1 Qxa4 26. Bd2 $1 $44 {1/2-1/2 Farago,
I-Mikhalchishin,A/Slovenija/1993 (40)}) (15... Ne5 $1 16. Qb4 Bc2 17. axb5 Bxd1
$2 (17... axb5 $1 18. Rdc1 $6 Ba4 $1 19. Bxb5 Bxb5 20. Qxb5 Rfb8 {/\ Bb2-/+
Mikhalchishin,A}) 18. b6 Qb7 19. Rxd1 Nc6 20. Qe4 $16) 16. axb5 axb5 17. Ra6 e6
18. Rb6 b4 19. Ng5 Bd5 20. Rxd5 exd5 21. Qxd5 Nd4 22. Bxd4 Rbd8 23. Rd6 Rxd6
24. cxd6 Qc1+ 25. Bf1 Bxd4 26. d7 Qf4 27. Ne4 Bf6 28. g3 {1/2-1/2 Gulko,
B-Yermolinsky,A/URS-FL49 Volgodonsk (05)/ 1981}) 14... Bf5 (14... Bb7 $2 15.
Qh3 $40) 15. Be3 Nc6 16. Rd2 (16. Rac1 $11) 16... Ne5 17. Bd4 Nc4 18. Bxc4 bxc4
19. Qe3 (19. Qc3 $6 e5 20. Be3 Bd3 $17) 19... Rac8 (19... e5 20. Bc3 Bd3 21. b4
$13) 20. Nf3 (20. Bxg7 Kxg7 21. Qc3+ f6 $17) 20... e5 21. Bxe5 Bxe5 22. Qxe5
Qxe5 23. Nxe5 Rxc5 24. Nf3 (24. f4 $5) 24... c3 25. bxc3 Rxc3 {Morovic
Fernandez,I-Gulko,B/New York op/1988/0-1 (60)}) (13. a4 Nc6 (13... Bd5 14. Qe3
(14. Qa3 $11) 14... Nc6 15. axb5 axb5 16. Rxa8 Qxa8 17. Bxb5 Rb8 18. Bxc6 Bxc6
19. Qxe7 Bxf3 20. gxf3 Qxf3 21. Qd7 Be5 22. h3 {1-0 Van der Sterren,P-De Boer,
G/Wijk op (10)/1993 (37)}) 14. Rd1 (14. axb5 axb5 15. Rxa8 Qxa8 16. Qxb5 Rb8
17. Qc4 Na5 18. Qa2 Nb3 $36) 14... Qa5 15. Bd2 (15. Be3 Qb4 $1 16. Qxb4 Nxb4
17. axb5 axb5 18. Rxa8 Rxa8 19. Bxb5 $11) 15... b4 16. Be3 Qc7 17. Rd2 (17. Ng5
Bf5 18. Bc4 e6 $15) (17. Nd2 Na5 $1 18. Qxb4 Bc2 {/\ Rab8}) 17... e6 18. Qc4
Bd5 19. Qh4 Qe7 $1 20. Qxe7 (20. Qh3 Rfc8 $15) (20. Qg3 Rfd8 {/\ Na5}) 20...
Nxe7 21. a5 {0-1 Piket,J-Ivanchuk,V/Dortmund (03)/1992 (46)}) 13... Nc6 14. Qe3
Bf5 15. Bh6 Bxb2 16. Rad1 Qa5 (16... Qc7 17. Bxf8 Rxf8 18. Ng5 (18. Bd3 Bxd3
19. Rxd3 Bf6 20. Rfd1 b4 21. h4 h5 22. Qe4 a5 23. Rd7 {1-0 Shneider,
A-Yermolinsky,A/URS-FL Telavi (05)/1982 (42)}) 18... h6 19. Nh3 Bxh3 20. gxh3
Bg7 21. Bf3 Ne5 22. Be2 {1/2-1/2 Karpeshov,O-Tseshkovsky,V/RUS-ch Elista (01)/
1994/}) 17. Bxf8 Rxf8 18. Bd3 Bxd3 19. Rxd3 Qxa2 $1 {Important novelty, black
has two pawns and very solid position for the exchange. Eine wichtige Neuerung,
Schwarz kriegt fur seine Qualitat zwei Bauern und sehr solide Stellung.} (19...
Bf6 20. a3 b4 21. Rb1 Qb5 22. axb4 a5 23. Nd2 axb4 24. Ne4 Be5 25. g3 Ra8 26.
h4 h5 {0-1 Piket,J-Ivanchuk,V/Monaco rapid (09)/1995 (53)}) 20. Rd2 Qa3 21. Qe4
(21. Qxa3 Bxa3 22. Ra1 Bb4 23. Rd7 Rc8 24. Rxa6 Bxc5 $15) 21... Rc8 22. Ng5 (
22. Rb1 Bf6 $17) 22... Bf6 (22... Bc1 23. Qg4 e6 24. Qh4 h5 25. Rdd1 Bb2 $17)
23. Qg4 Rc7 (23... e6 $2 24. Nxe6 Ne5 25. Qf4 Bh8 26. Rfd1 $18) 24. Ne4 Be5 25.
Qd1 (25. Rd7 Qa5 $15) 25... Qb4 26. Re1 Kg7 (26... f5 27. Ng5 (27. Ng3 Bc3 28.
Rd8+ Kg7 $19) 27... Bxh2+ 28. Kxh2 Qf4+ 29. Kg1 Qxg5 30. Ra2 $15) 27. g3 h6 28.
Re3 Bd4 (28... f5 29. Rd7 fxe4 30. Rxc7 Bxc7 31. Qd7 Qxc5 32. Qxc7 b4 $17) 29.
Red3 Rd7 30. g4 $1 Qc4 (30... f5 $2 31. gxf5 gxf5 32. Qh5) (30... Ne5 $2 31.
Rxd4 Rxd4 32. Rxd4 Nf3+ (32... Qxd4 33. Qxd4 $18) 33. Qxf3 Qxd4 34. Qc3 $18)
31. Kg2 Qd5 32. f3 Kh7 33. Rxd4 $1 Nxd4 34. c6 Qxc6 (34... Rd8 35. c7) 35. Rxd4
Rxd4 36. Qxd4 Qc2+ 37. Kg3 Qc7+ 38. Kg2 Qc2+ 1/2-1/2

[Event "Solin 7th+"]
[Site "Solin"]
[Date "1999.12.10"]
[Round "1"]
[White "Kozul, Zdenko"]
[Black "Tukmakov, Vladimir B"]
[Result "0-1"]
[WhiteElo "2612"]
[BlackElo "2557"]
[Annotator "Ftacnik,L"]
[PlyCount "96"]
[EventDate "1999.12.10"]
[EventType "tourn"]
[EventRounds "9"]
[EventCountry "CRO"]
[EventCategory "13"]
[SourceTitle "CBM 075"]
[Source "ChessBase"]
[SourceDate "2000.04.05"]
[SourceVersion "1"]
[SourceVersionDate "2000.04.05"]
[SourceQuality "1"]

1. d4 Nf6 2. c4 g6 3. Nc3 d5 4. Nf3 Bg7 5. Qb3 dxc4 6. Qxc4 O-O 7. e4 Na6 8.
Qb3 c5 9. d5 e6 10. Bxa6 bxa6 11. O-O exd5 12. exd5 Qb6 13. Rd1 Bb7 14. Bf4
Rfd8 15. Qxb6 axb6 16. Bc7 Rd7 17. d6 {Such an advanced pawn is usually a sigh
of a good health. Next move by black are defensive, as he aims to limit the
support for the intruder.} (17. Bxb6 Nxd5 18. Bxc5 Rc8 19. Bd4 Nxc3 20. bxc3
Bxf3 21. gxf3 Rcd8 {1/2-1/2 Flear,G-Groszpeter,A/Belgrade/1988/ (47)}) 17...
Bxf3 (17... Ne8 18. Na4 $1 Nxd6 19. Nxb6 Rxc7 20. Nxa8 Rc6 21. Nc7 Rxc7 22.
Rxd6 Bxb2 23. Rb1 $16) 18. gxf3 b5 19. Rac1 Re8 20. Kf1 $6 {One slip is enough
ti lose the great part of momentum. Black is winning time to neutralize d6
pawn.} (20. b3 $5 Re6 21. Ne4 Nxe4 22. fxe4 Rxe4 23. Rxc5 Re2 24. a4 Re5 25.
Rc6 $14) 20... Bh6 21. Rc2 Re6 22. a4 (22. Ne4 Nxe4 23. fxe4 c4 24. f3 Bf4 $15)
22... b4 23. Ne2 (23. Ne4 Nxe4 24. fxe4 Bf4 25. Rxc5 Bxd6 $11) 23... Ne8 24.
Bb8 (24. Rxc5 Nxc7 25. dxc7 (25. Rxc7 Rdxd6 $17) 25... Rxd1+ 26. Kg2 Re8 $17)
24... Rd8 25. Rxc5 (25. Ba7 Rdxd6 26. Rxd6 Rxd6 27. Bxc5 Rd1+ 28. Kg2 Bf8 $15)
(25. d7 Nf6 26. Rxc5 Nxd7 27. Re5 (27. Bf4 Nxc5 28. Rxd8+ Kg7 29. Bxh6+ Kxh6
$15) 27... Rxe5 28. Bxe5 Re8 $15) 25... Rxb8 26. d7 Rd8 27. Rc8 (27. dxe8=Q+
Rdxe8 28. Ng3 Bg7 $15) 27... Bg5 28. Rd5 $2 {A combination too far enables
Tukmakov to enter the line of great originality, but pleasant consequences.} (
28. dxe8=Q+ Rexe8 29. Rcxd8 Rxd8 30. Rxd8+ Bxd8 $15) 28... Nd6 $1 29. Nd4 (29.
Rxd8+ Bxd8 30. Nd4 Rf6 31. Nc6 Nb7 $19) (29. Rxg5 Nxc8 30. dxc8=Q Rxc8 $19)
29... Nxc8 30. Nxe6 (30. dxc8=Q Rxc8 31. Nxe6 Bf6 $17 (31... fxe6 32. Rxg5 $15)
) 30... Nb6 $1 (30... Rxd7 31. Rxd7 fxe6 32. a5 $15) 31. Nxd8 $8 Nxd5 32. Nc6 (
32. Nb7 Nb6 $19) 32... Nb6 33. d8=Q+ Bxd8 34. Nxd8 Nxa4 {The resulting endgame
is very bad for white, on top of missing pawn white suffers due to badly
demaged kingside pawn structure.} 35. Nc6 (35. b3 Nc5 36. Nc6 Nxb3 37. Nxb4 a5
$19) 35... Nxb2 36. Ke2 Kg7 (36... b3 37. Na5 Kg7 $19) 37. Nxb4 a5 38. Nc6 a4 (
38... Nc4 $2 39. Kd3 $15) 39. Nb4 Kf6 40. Kd2 Kf5 41. Kc2 a3 42. Kb3 Kf4 43.
Nc6 (43. Kxa3 Nd1 44. Kb3 Kxf3 $19) 43... Nd3 (43... Kxf3 44. Ne5+ Kxf2 45.
Nxf7 Kg2 46. Kxa3 Nd3 $19) 44. Kxa3 Kxf3 45. Kb3 Kxf2 46. Kc4 Ke3 (46... Nf4
47. Ne5 f5 $19) 47. Kd5 f5 48. Nd4 Nb4+ (48... Nb4+ 49. Ke5 f4 50. h4 Nc6+ 51.
Nxc6 f3 52. Ne7 f2 53. Nd5+ Kf3 $19) 0-1

[Event "Reggio Emilia 9596 38th"]
[Site "Reggio Emilia"]
[Date "1995.12.31"]
[Round "4"]
[White "Beliavsky, Alexander G"]
[Black "Azmaiparashvili, Zurab"]
[Result "1-0"]
[WhiteElo "2650"]
[BlackElo "2620"]
[Annotator "Ftacnik,L"]
[PlyCount "65"]
[EventDate "1995.12.28"]
[EventType "tourn"]
[EventRounds "9"]
[EventCountry "ITA"]
[EventCategory "14"]
[SourceTitle "CBM 051"]
[Source "ChessBase"]
[SourceDate "1996.04.01"]
[SourceVersion "1"]
[SourceVersionDate "1996.04.01"]
[SourceQuality "1"]

1. d4 Nf6 2. c4 g6 3. Nc3 d5 4. Nf3 Bg7 5. Qb3 dxc4 6. Qxc4 O-O 7. e4 Na6 8.
Be2 c5 9. d5 e6 10. O-O exd5 11. exd5 Bf5 12. Be3 Re8 13. Rad1 Qb6 {Difficult
variation to play for both sides, black enjoys convenient piece activity, but
his set up has a serious flaw- Na6 is quite often so badly placed, that it
costs the defender dearly.} (13... Ne4 14. Nxe4 Rxe4 15. Qc1 Bg4 16. h3 Bxf3
17. Bxf3 Re8 18. d6 Qd7 19. Qc4 Kh8 20. Qb3 Rab8 21. Bd5 {1-0 Daverkausen,
B-Seeger,R/NRW-II 9091/1991/ (27)}) 14. d6 (14. b3 Rxe3 $5 (14... Rac8 15. h3
h6 16. Rd2 Red8 17. g4 Bd7 18. Ne5 Ne8 19. Qf4 Nd6 20. Nc4 Nxc4 21. Qxc4 Qa5
22. Rc1 Nb4 {1/2-1/2 Kakhiani,K-Janjgava,L/Tbilisi/1991/ (33)}) (14... Ng4 15.
Bd2 Rad8 16. Rfe1 Nb4 17. Na4 Qd6 18. Bf4 Qf8 19. Bc7 Rd7 20. d6 b6 21. Bf1
Rxe1 22. Rxe1 Nc2 23. Rd1 {1-0 Ree,H-Chandler,M/Thessaloniki ol/1984/ (61)})
15. fxe3 Ng4 16. Na4 Qd6 17. Qf4 $1 (17. e4 $6 Bd7 18. Qc1 b5 19. Nb2 Nb4 20.
Nd3 Bd4+ $1 21. Kh1 Nxa2 $17) 17... Qxf4 18. exf4 Nb4 $5 19. Rd2 $5 (19. Nxc5
b6 $1 20. Nb7 Nxa2 21. Rfe1 Ne3 $13) 19... Ne3 20. Rc1 {1/2-1/2 Farago,I-Kozul,
Z/Montpellier/1989/ (41)}) 14... Be6 (14... h6 $5) (14... Qxb2 15. Ng5 Rf8 16.
Rb1 $5 Bxb1 17. Rxb1 b5 (17... Qa3 18. Rxb7 $16) 18. Qxf7+ Rxf7 19. Rxb2 Rd7
20. Rxb5 Rxd6 21. Bc4+ Kf8 22. Rb7 $16) 15. Qb5 h6 (15... Rad8 16. Qxb6 axb6
17. Bb5 $14) 16. Ne5 Red8 (16... Bb3 17. Qxb3 Qxb3 18. axb3 Rxe5 19. Bf3 $16)
17. Nc4 Qxb5 (17... Bxc4 18. Qxb6 axb6 19. Bxc4 Ng4 20. h3 $14) 18. Nxb5 Nd5
19. Bc1 $1 {The players are trying to prove the opposite about the d6P. Is it
weak or strong?} Ndb4 (19... Nab4 20. Bf3 Rab8 21. Nc7 $14) 20. a3 Nc2 $2 (
20... Nc6 $5 21. Be3 Rd7) 21. Na5 Rd7 22. Bf4 g5 23. Bg3 {The situation has
deteriorated for the second player, squares a7,b7,c7,c6 are under direct fire.}
f5 (23... Bf5 24. Bf3 Rb8 25. Nc7 Nd4 26. Bxb7 $1) (23... Bxb2 24. Rd2 Bf5 25.
Bd1 Nxa3 26. Rxb2 Nxb5 27. Rxb5 Bd3 28. Rxb7 $18) 24. Bd3 Nd4 (24... f4 $5 25.
Bxf4 gxf4 26. Bxc2 Bxb2 27. Be4 Rb8 28. Bd5 Bxd5 29. Rxd5 $14) 25. Rfe1 Kf7 (
25... f4 26. Nxd4 Bxd4 27. Rxe6 fxg3 28. hxg3 $16) 26. Be5 Bxe5 27. Rxe5 {
The number of targets somehow increases with the time, c5 and f5P are notable
ones.} b6 (27... Kf6 28. Rde1 Bf7 29. Nxd4 cxd4 30. Rxf5+ $18) (27... Rad8 28.
Rde1 Nxb5 29. Bxb5 Rxd6 30. Nxb7 $18) 28. Rde1 $1 (28. Nxd4 cxd4 29. Bxa6 (29.
Nb7 $6 Rxb7 30. Bxa6 Rd7 31. Rxd4 Rad8 $15) 29... bxa5 30. Rxd4 Rad8 31. Rxa5
Rxd6 32. Rxd6 Rxd6 $14) 28... c4 (28... bxa5 29. Nxd4 cxd4 30. Rxe6 Nc5 31.
Bxf5 Nxe6 32. Bxe6+ Ke8 33. Bd5+ $18) (28... Re8 29. Nxd4 cxd4 30. Bxa6 bxa5
31. Bb5 $18) 29. Nxc4 Nxb5 30. Rxe6 Nd4 (30... Rad8 31. Rxh6 Nxd6 32. Ne5+ Kg7
33. Nxd7 Kxh6 34. Re6+ Kg7 35. Rxd6 $18) 31. Re7+ Rxe7 32. dxe7 Ne6 (32... Nc7
33. Nd6+ Kg6 34. e8=Q+ $18) 33. e8=Q+ $1 (33. e8=Q+ $1 Rxe8 34. Nd6+ $18) 1-0

[Event "Lost Boys op"]
[Site "Amsterdam"]
[Date "2001.08.13"]
[Round "4"]
[White "Gershon, Alik"]
[Black "Van Wely, Loek"]
[Result "1/2-1/2"]
[WhiteElo "2553"]
[BlackElo "2695"]
[Annotator "Gershon,A"]
[PlyCount "100"]
[EventDate "2001.08.10"]
[EventType "swiss"]
[EventRounds "9"]
[EventCountry "NED"]
[SourceTitle "CBM 083 Extra"]
[Source "ChessBase"]
[SourceDate "2001.09.11"]
[SourceVersion "1"]
[SourceVersionDate "2001.09.11"]
[SourceQuality "1"]

1. d4 Nf6 2. c4 g6 3. Nc3 d5 4. Nf3 Bg7 5. Qb3 dxc4 6. Qxc4 O-O 7. e4 Na6 8.
Be2 c5 9. d5 e6 10. O-O exd5 11. exd5 Bf5 12. Be3 Qb6 13. b3 Rfe8 14. Rad1 Rad8
15. Na4 $146 Qa5 16. Bd2 Qc7 17. d6 Qc8 (17... Rxd6 18. Bf4 Ne4 19. Bd3 $16) (
17... Qxd6 18. Ba5 $16) (17... Qc6 $5) 18. Ng5 Rd7 19. Be3 h6 20. Nf3 Ng4 (
20... Ne4 21. Qc1 $1 {/\ Bh6; Ba6} Rxd6 (21... Nb4 22. Bb5 Nxa2 23. Bxd7 Qxd7
24. Qa3 Nac3 25. Nxc3 Nxc3 26. Bxc5 Nxd1 27. Rxd1 Be4 $13) 22. Rxd6 Nxd6 23.
Bxa6 bxa6 24. Bxh6 $16) 21. Qc1 Nxe3 22. fxe3 Red8 $1 {Somehow, this move was
completely overlooked by me. Now white has to play very accurately. if black
retains his pair of B's white's position will soon become hopeless.} (22... Qc6
$2 23. Nc3 $1 Bxc3 (23... Rxd6 24. Bb5 Rxd1 25. Rxd1 Qc8 26. Bxe8 Qxe8 27. e4
Bxe4 28. Re1 Bxc3 29. Qxc3 $16) 24. Qxc3 Rxd6 25. Bb5 $16) 23. Bxa6 bxa6 24. e4
$1 {the least evil. White must have at least one B changed} (24. Nxc5 Rxd6 25.
Rxd6 Rxd6 $17 {^^}) 24... Bxe4 25. Nxc5 Bxf3 26. Nxd7 Bxd1 27. Qxc8 Bd4+ (27...
Rxc8 28. Rxd1 Rd8 29. Nc5 Bf8 30. Nxa6 Rxd6 31. Rxd6 Bxd6 {- game}) 28. Kh1
Rxc8 29. Rxd1 Rc6 30. Nb8 Rxd6 31. Nxa6 Bc5 $1 {black has much better chances
to win in the N vs B engame then in the rook one.} (31... Rxa6 32. Rxd4 Rxa2
33. h4 {the 'a' and 'b' pawns are about to be exchanged with a theoretical
draw arising afterwards.}) 32. Rxd6 Bxd6 33. g4 $1 {A very important move.
White must not allow black to push him with the K side pawns since he will
need the space in the 3 on 2 position that arises by force. the drawing
fortress is K on g2 and N on f3 - thus it's very important to prevent black
from pushing g5-g4.} (33. b4 $2 f5 34. a4 Kf7 35. b5 Ke6 36. g3 Kd5 37. Kg2 g5
$17) 33... Kg7 34. b4 Kf6 35. Kg2 (35. a4 Kg5 36. h3 Kf4 37. b5 Kg3 38. a5 Kxh3
39. b6 axb6 40. axb6 Kxg4 41. b7 f5 $19) 35... Ke5 36. a4 Kd4 37. b5 Kc4 38. h3
Kb3 39. a5 Kc4 40. b6 axb6 41. axb6 Kb5 42. Nc7+ Kc6 (42... Kxb6 43. Nd5+ Kc5
44. Nc3 Kd4 45. Ne2+ Ke3 46. Ng1 f5 47. gxf5 gxf5 48. Nf3 $11 {33.g4}) 43. Ne8
Be7 44. h4 $1 Kxb6 (44... Bxh4 45. b7 Kxb7 46. Nd6+ Kc6 47. Nxf7 Bg5 48. Ne5+
$11) 45. h5 Kc6 46. hxg6 fxg6 47. Ng7 Kd5 48. Nf5 $1 Bg5 49. Kf3 gxf5 50. gxf5
Ke5 1/2-1/2